000 00347nam a2200145Ia 4500
008 230917s9999||||xx |||||||||||||| ||und||
040 _e19392
_aMAIN
041 _aEnglish
082 _a330.91 F949W
100 _aFryer, D W
245 0 _aWorld economic development
260 _aNew York
_bMcGraw-Hill
_c1965
300 _a627 p.
942 _cBK
999 _c129702
_d129702